000 00671nam a2200217Ia 4500
003 GCL
008 140319s9999 xx 000 0 ara d
040 _aGCL /
_cGCL
082 0 4 _aط
_b372.52
_bش ا
100 1 _aشاكر المعداوى
245 1 0 _aدواجن الحظيرة السعيدة /
_cشاكر المعداوى
260 _aبيروت :
_bالشركة الشرقية للمطبوعات
300 _a16 ص ؛
_c29 سم
490 _aاقرا وارسم
_v0
650 0 4 _aالاطفال
650 0 4 _aالقصص
650 0 4 _aقصص الاطفال
650 0 4 _aتعليم وتدريس
650 0 4 _aالرسم بالالوان
942 _2ddc
_cBK
999 _c56755
_d56755